000 00677nam a2200205Ii 4500
003 JO-AjNU
008 230605s9999||||xx |||||||||||||| ||und||
040 _aJO-AjNU
_bara
_erda
_cJO-AjNU
041 _aara
050 1 4 _aPJ7860.A99.A82 1994
100 3 _aتأليف الرزاز،مؤنس,
_eauthor
_918629
245 0 0 _aالشظايا والفسيفساء: رواية
250 _aط1
264 3 1 _aبيروت:المؤسسة العربية للدراسات والنشر،1994
300 _a134ص
336 _atext
_btxt
_2rdacontent
337 _aunmediated
_bn
_2rdamedia
338 _avolume
_bnc
_2rdacarrier
650 4 _aالأدب العربي - روايات
_918630
999 _aA5994
_c9562
_d9562